000 01154nam a2200241Ia 4500
999 _c56062
_d56062
001 23162
003 GE_BSU
005 20230720161910.0
008 181216s1969||||ge |||||||||||||| ||geo||
040 _cGE_BSU
041 _ageo
080 _a82-93:821.133.1-32 ს-25
100 _aსანდი, ჟორჟ
_919219
245 _aმოზაიკის ოსტატები :
_bმოთხრობა საშ. სასკოლო ასაკის ბავშვებისათვის /
_cჟორჟ სანდი ; თარგმნა მ. სოხაძემ ; ბოლოსიტყვ. გ. ჩერნევიჩისა ; რედ. ქ. ქუჩუკაშვილი.
264 _aთბილისი :
_bნაკადული,
_c1969.
300 _a191 გვ. ;
_c16 სმ.
541 _h0,42 თ.
653 _aმოზაიკის ოსტატები
653 _aმოთხრობა
700 _aსოხაძე, მ.
_eმთარგმნელი
_919481
700 _aქუჩუკაშვილი, ქ.
_eრედაქტორი
_93796
942 _cBK
_2udc